01587 a2200193 45000010006000000050017000060080041000230030015000640400040000790800126001192450051002450200022002962500012003182640052003303000017003825050845003991000029012448560120012732095420260407155502.0260407a1995 arg spa dAR-UNSa-BCEJYS aAR-UNSa-BCEJYSbspacAR-UNSa-BCEJYS a347.9xDerecho procesal. Procedimiento judicial. Organización y personal al servicio de la administración de justicia10aIntroducción al estudio del derecho procesal a978-950-9163-92-8 a1a. ed. 1aBuenos Aires :bRubinzal-Culzoni Editoresc1995 a3 v.c22 cm. a1ra. Parte: 1. La causa y la razón de ser del proceso - 2. Aproximación a la idea de proceso - 3. La norma de contenido procesal - 4. El derecho procesal - 5. Los sistemas procesales - 6. La acción procesal - 7. La pretensión procesal - 8. La demanda judicial - 9. La Jurisdicción - 10. La competencia - 11. El derecho de defensa en juicio y la reacción del demandado - 12. El proceso - 13. Los principíos y las reglas técnicas procesales - 14. Los actos procedimentales - 15. La regularidad y la irregularidad procesal -- 3ra. Parte: 24. La confirmación procesal - 25. La terminación del proceso y la sentencia - 26. La impugnación procesal - 27. El procedimiento cautelar y la solución urgente y anticipada de una pretensión - 28. La eficacia del proceso - 29. La ejecucción procesal - 30. El coste del proceso1 aAlvarado Velloso, Adolfo41uhttps://biblioeco.unsa.edu.ar/pmb/images/libros/Derecho Procesal (Primera Parte).jpgyImagen de portadaqimage/jpeg